Países Anfitriones de la Copa Mundial FIFA - Estadísticas

Estadísticas generales
  • Esta prueba ha sido intentada 164 veces
  • La puntuación promedio es 29 de 30
Estadísticas de respuestas
Año País % Correcto
2006 Alemania
99%
1974 Alemania Federal
99%
1950 Brasil
99%
2014 Brasil
99%
1982 España
99%
2030 España
99%
1994 Estados Unidos
99%
2026 Estados Unidos
99%
2030 Marruecos
98%
1970 México
98%
1986 Mexico
98%
2026 México
98%
2026 Canada
97%
2022 Catar
97%
1938 Francia
97%
1998 Francia
97%
1934 Italia
97%
1990 Italia
97%
2002 Japón
97%
2030 Portugal
97%
2018 Rusia
97%
2010 Sudáfrica
97%
1930 Uruguay
97%
2002 Corea del Sur
96%
1978 Argentina
95%
1966 Inglaterra
91%
1958 Suecia
85%
1962 Chile
83%
2034 Arabia Saudita
81%
1954 Suiza
76%
No se encontraron pruebas coincidentes
Distribución de puntuación
Porcentaje de gente con cada puntuación
Porcentaje por número respondido
Historial de tus puntuaciones
No has intentado esta prueba.